How to get into University (Record no. 6852)

MARC details
005 - DATE AND TIME OF LATEST TRANSACTION
control field 20260317093307.0
020 ## - INTERNATIONAL STANDARD BOOK NUMBER
International Standard Book Number 9781789085556
100 ## - MAIN ENTRY--PERSONAL NAME
Author name STUMBLES, M
245 ## - TITLE STATEMENT
Title How to get into University
260 ## - PUBLICATION, DISTRIBUTION, ETC.
Place of publication, distribution, etc. CGP
Name of publisher, distributor, etc. Newcastle
Date of publication, distribution, etc. 2018
300 ## - PHYSICAL DESCRIPTION
Extent 82p;ill;Figure, picture
Dimensions 24cm
942 ## - ADDED ENTRY ELEMENTS (KOHA)
Source of classification or shelving scheme Dewey Decimal Classification
Koha item type Books
Holdings
Date last seen Total checkouts Full call number Barcode Cost, replacement price Price effective from Koha item type Lost status Source of classification or shelving scheme Damaged status Not for loan Withdrawn status Home library Current library Shelving location Date acquired Source of acquisition Cost, normal purchase price
03/17/2026   370. 15 STU MBY0001153 24000.00 03/17/2026 Books   Dewey Decimal Classification       CBE MBEYA CBE MBEYA General Collection 02/23/2026 Danation 8000.00